Великие памятники природы (известные места геологических исследований): сокр. пер. с нем.

Détails bibliographiques
Auteur principal: Шварцбах М.
Langue:russe
Publié: Москва, Мир, 1973
Sujets:
Format: Livre
KOHA link:https://koha.lib.tpu.ru/cgi-bin/koha/opac-detail.pl?biblionumber=276382

MARC

LEADER 00000nam0a2200000 4500
001 276382
005 20231101234920.0
035 |a (RuTPU)RU\TPU\book\299641 
090 |a 276382 
100 |a 20141121d1973 m y0rusy50 ca 
101 1 |a rus  |c ger 
102 |a RU 
105 |a a z 000zy 
200 1 |a Великие памятники природы (известные места геологических исследований)  |d Beruhmte statten geologischer forschung  |e сокр. пер. с нем.  |f М. Шварцбах 
210 |a Москва  |c Мир  |d 1973 
215 |a 335 с.  |c ил. 
510 1 |a Berühmte stätten geologischer forschung  |z ger 
606 1 |a Геология мировая  |2 stltpush  |3 (RuTPU)RU\TPU\subj\70148  |9 84626 
610 1 |a зарубежные страны 
610 1 |a природа 
610 1 |a памятники 
610 1 |a памятники природы 
610 1 |a география 
610 1 |a реки 
610 1 |a пещеры 
610 1 |a ледники 
610 1 |a водопады 
610 1 |a континенты 
610 1 |a землетрясения 
610 1 |a озера 
610 1 |a флора 
610 1 |a ископаемые 
610 1 |a климат 
675 |a 55(100)  |v 3 
700 1 |a Шварцбах  |b М. 
801 1 |a RU  |b 63413507  |c 20141121 
801 2 |a RU  |b 63413507  |c 20210208  |g RCR 
942 |c BK